00225nam a22000857a 4500008004100000082002200041245005900063260000900122300000800131230627b xxu||||| |||| 00| 0 eng d a338.176bPSC 2005 aReinforcement of Pastoral Civil Society in East Africa c2005 a13p